Responses for Show #5681 - Monday, April 27, 2009

Liz Murphy game 3.

Contestants

[<< previous game]

Justin Klos, a legislative staffer from Camp Hill, Pennsylvania

Helen Springut, an entertainment executive from Los Angeles, California

Liz Murphy, a foreign service officer originally from Scranton, Pennsylvania (whose 2-day cash winnings total $45,202)

[next game >>]

Jeopardy! Round responses

THE 19th CENTURY
AARON SPELLING BEE
(Alex: And you have to spell the word in order to be credited with a correct response.)
IMBIBLERS
SPHERES
WEBSITES
ANIMATED WORD PUZZLES
    $200 1
Mexico

Justin
    $200 18
(Helen: What is B-E-V-E-R-L-E-Y?)

B-E-V-E-R-L-Y

LizHelen
    $200 11
Noah

Helen
    $200 6
a globe

Liz
    $200 16
eBay

Helen
    $200 19
shredded cheese

Liz
    $400 2
infallibility

Liz
    $400 21
M-E-L-R-O-S-E

Liz
    $400 12
Israel

Triple Stumper
    $400 7
(Helen: What is pinball?)
(Justin: What is tiddlywinks?)

marbles

HelenJustin
Triple Stumper
    $400 17
Myspace

Justin
    $400 20
out of time

Justin
    $600 3
Singer

Justin
    $600 26
S-T-A-R-S-K-Y

Liz
    $600 13
Cana

Liz
    $600 8
a softball

Liz
    $600 23
Craigslist

Justin
    $600 22
act out of character

Justin
    $800 4
(Justin: Who is Winston Churchill?)

Cecil Rhodes

Justin
    $800 14
David

Helen
    $800 9
an orb

Liz
    $800 24
Snopes

Justin
    $800 27
pie in the sky

Justin
    $1000 5
spiritualism

Triple Stumper
    $1000 15
Isaac

Helen
    $1000 10
a geode

Liz
    $1000 25
The Motley Fool

Helen
    $1000 28
[The end-of-round signal sounds.]

breaking ranks

Liz

Scores at the first commercial break (after clue 14):

Liz Helen Justin
$3,600 $600 -$400

Scores at the end of the Jeopardy! Round:

Liz Helen Justin
$6,000 $2,600 $3,200

Double Jeopardy! Round responses

WRITTEN BY ANONYMOUS
DANCE REVOLUTION
LAW & DAUGHTER
MAJOR U.S. CITY NEWSPAPERS
(Alex: You have to identify the city.)
HERTZ SO GOOD
"OI!"
    $400 4
Alice

Justin
    $400 1
The Twist

Helen
    $400 19
Ginsberg

Justin
    $400 9
Portland

Justin
    $400 26
Hamburg

Helen
    $400 14
moisture

Helen
    $2,000 5
Beowulf

Justin
    $800 2
the chicken dance

Liz
    $800 20
Judge Judy

Helen
    $800 10
St. Louis

Liz
    $800 27
Berlin

Justin
    $800 15
hoist

Helen
    $1200 6
The Big Book

Triple Stumper
    $1200 3
The Hustle

Justin
    $3,000 21
Janet Reno

Helen
    $1200 11
Baltimore

Justin
    $1200 28
Marconi

Helen
    $1200 16
boisterous

Justin
    $1600 7
a saga

Liz
    $1600 24
the lambada

Helen
    $1600 22
Michelle Obama

Liz
    $1600 12
Atlanta

Justin
    $1600 29
motion

Liz
    $1600 17
poise

Justin
    $2000 8
the CIA

Liz
    $2000 25
the Time Warp

Liz
    $2000 23
Gloria Allred

Triple Stumper
    $2000 13
Sacramento

Helen
    $2000 30
Einstein

Justin
    $2000 18
coil

Triple Stumper

Scores at the end of the Double Jeopardy! Round:

Liz Helen Justin
$16,400 $13,200 $16,000

[wagering suggestions for these scores]

Final Jeopardy! Round responses

MOVIE DIRECTORS
(Alex: I hope the Force was with you on this final.)
HelenWho is Jim Cameron?
$2,501
JustinWho is George Lucas
$16,000
LizWho is George Lucas?
$15,601
George Lucas

Final scores:

Liz Helen Justin
$32,001 $10,699 $32,000
3-day champion: $77,203 3rd place: $1,000 2nd place: $2,000

Game dynamics:

Coryat scores:

Liz Helen Justin
$16,400 $11,400 $15,600
18 R,
0 W
14 R
(including 1 DD),
2 W
19 R
(including 1 DD),
2 W
(including 1 DD)

Combined Coryat: $43,400

[game clues] [game scores] [suggest correction]

Game tape date: 2009-02-18
The J! Archive is created by fans, for fans. Scraping, republication, monetization, and malicious use prohibited; this site may use cookies and collect identifying information. See terms. The Jeopardy! game show and all elements thereof, including but not limited to copyright and trademark thereto, are the property of Jeopardy Productions, Inc. and are protected under law. This website is not affiliated with, sponsored by, or operated by Jeopardy Productions, Inc. Join the discussion at JBoard.tv.